[Event "Mondiale Lampo FIDE 2022"]
[Site "Alma Ata"]
[Date "29.12.2022"]
[Round "6.23"]
[White "Kadric, Denis"]
[Black "Sychev, Klementy"]
[Result "1-0"]
[WhiteTitle ""]
[BlackTitle ""]
[WhiteElo "2584"]
[BlackElo "2556"]
[WhiteFideId "14403803"]
[BlackFideId "4114060"]
[EventDate "29.12.2022"]

1. e4 e5 2. Nf3 Nc6 3. Bc4 Nf6 4. d3 Bc5 5. O-O O-O 6. h3 d6 7. c3 Bb6 8. a4 a5
9. Re1 Ne7 10. Bb3 Ng6 11. d4 Re8 12. Nbd2 c6 13. Bc2 Bc7 14. Nf1 d5 15. Nxe5
Nxe5 16. dxe5 Nxe4 17. Bxe4 dxe4 18. Qxd8 Rxd8 19. Bf4 f5 20. Ne3 Be6 21. g4 g6
22. gxf5 gxf5 23. Rad1 Kf7 24. Kh2 Rxd1 25. Rxd1 Rd8 26. Rxd8 Bxd8 27. Kg3 Kg6
28. c4 Bb6 29. b3 Bc5 30. Nc2 b5 31. axb5 cxb5 32. cxb5 Bxb3 33. Be3 Bxc2 34.
Bxc5 Bd3 35. b6 Ba6 36. e6 Kf6 37. e7 Kf7 38. Kf4 Bc8 39. Ke5 a4 40. Kd6 f4 41.
Kc7 Ba6 42. Kd8 1-0

[Event "Mondiale Lampo FIDE 2022"]
[Site "Alma Ata"]
[Date "29.12.2022"]
[Round "6.24"]
[White "Rapport, Richard"]
[Black "Sanal, Vahap"]
[Result "1/2-1/2"]
[WhiteTitle ""]
[BlackTitle ""]
[WhiteElo "2740"]
[BlackElo "2597"]
[WhiteFideId "738590"]
[BlackFideId "6300545"]
[EventDate "29.12.2022"]

1. e4 e5 2. Nf3 Nc6 3. Bc4 Bc5 4. c3 Nf6 5. d3 O-O 6. Nbd2 a5 7. O-O d6 8. h3 h6
9. Re1 a4 10. Nf1 Bb6 11. Ng3 Ra5 12. Bd2 Be6 13. b4 axb3 14. axb3 Rxa1 15. Qxa1
d5 16. exd5 Bxd5 17. Bxd5 Qxd5 18. Be3 Bxe3 19. Rxe3 Qxb3 20. Nxe5 Nd5 21. Nxc6
bxc6 22. Re4 Qxc3 23. Qxc3 Nxc3 24. Rc4 Nd5 25. Rxc6 Nb4 26. Rxc7 Nxd3 27. Nf5
Nf4 28. Nd6 Ne6 29. Rb7 Ng5 30. f4 Rd8 31. Rb6 Ne6 32. f5 Nf4 1/2-1/2

[Event "Mondiale Lampo FIDE 2022"]
[Site "Alma Ata"]
[Date "29.12.2022"]
[Round "6.25"]
[White "Murzin, Volodar"]
[Black "Brunello, Sabino"]
[Result "1-0"]
[WhiteTitle ""]
[BlackTitle ""]
[WhiteElo "2561"]
[BlackElo "2519"]
[WhiteFideId "44155573"]
[BlackFideId "813613"]
[EventDate "29.12.2022"]

1. e4 e5 2. Nf3 Nc6 3. Nc3 Nf6 4. d4 exd4 5. Nxd4 Bb4 6. Nxc6 bxc6 7. Bd3 O-O 8.
O-O d5 9. exd5 cxd5 10. Bg5 c6 11. h3 h6 12. Bf4 Bd6 13. Qf3 Rb8 14. b3 Bxf4 15.
Qxf4 Rb7 16. Rfe1 Re7 17. Re2 Rfe8 18. Rae1 Rxe2 19. Rxe2 Rxe2 20. Nxe2 Bd7 21.
Qd6 g6 22. Nd4 Kg7 23. b4 Qb6 24. c3 a5 25. Nb3 axb4 26. Qxb4 Qa7 27. a4 Bc8 28.
Nc5 Qe7 29. Qd4 Qe1+ 30. Kh2 Qa1 31. Ba6 Bxa6 32. Nd7 Qa3 33. Qxf6+ Kg8 34. Ne5
Qf8 35. Nxc6 Qc5 36. Ne7+ Kf8 37. Nxg6+ Ke8 38. Ne5 Qc7 39. Qc6+ Qxc6 40. Nxc6
f6 41. Kg3 Kd7 42. Nb8+ 1-0

[Event "Mondiale Lampo FIDE 2022"]
[Site "Alma Ata"]
[Date "29.12.2022"]
[Round "6.26"]
[White "Ter-Sahakyan, Samvel"]
[Black "Salem, A.R. Saleh"]
[Result "0-1"]
[WhiteTitle ""]
[BlackTitle ""]
[WhiteElo "2605"]
[BlackElo "2677"]
[WhiteFideId "13302531"]
[BlackFideId "9301348"]
[EventDate "29.12.2022"]

1. d4 Nf6 2. Nf3 g6 3. Nbd2 Bg7 4. e4 O-O 5. Bd3 d6 6. O-O Nc6 7. c3 e5 8. dxe5
Nxe5 9. Nxe5 dxe5 10. Nc4 Nh5 11. a4 a5 12. Re1 Qe7 13. Bf1 Rd8 14. Qf3 Be6 15.
b3 b6 16. Be3 Rd7 17. Rad1 Rad8 18. Rxd7 Rxd7 19. Rd1 Qd8 20. Rxd7 Qxd7 21. h3
h6 22. Qe2 Nf4 23. Qc2 Qc6 24. h4 h5 25. g3 Bc8 26. Nd2 Ne6 27. Bc4 Nc5 28. b4
Qd6 29. Qb3 Nd7 30. Be2 Qe7 31. f3 axb4 32. cxb4 Bf8 0-1

[Event "Mondiale Lampo FIDE 2022"]
[Site "Alma Ata"]
[Date "29.12.2022"]
[Round "6.27"]
[White "Hovhannisyan, Robert"]
[Black "Andriasian, Zaven"]
[Result "1-0"]
[WhiteTitle ""]
[BlackTitle ""]
[WhiteElo "2597"]
[BlackElo "2580"]
[WhiteFideId "13302507"]
[BlackFideId "13302000"]
[EventDate "29.12.2022"]

1. e4 c5 2. Nf3 d6 3. d4 cxd4 4. Qxd4 a6 5. Be2 Nc6 6. Qe3 g6 7. O-O Bg7 8. Rd1
Bg4 9. c4 Bxf3 10. Bxf3 Qa5 11. Bd2 Qc5 12. Nc3 Nf6 13. Nd5 O-O 14. Rac1 Rae8
15. b4 Qxe3 16. Bxe3 Nxd5 17. cxd5 Nxb4 18. a3 Na2 19. Rc7 Nc3 20. Rd3 Rc8 21.
Rxe7 b5 22. h4 a5 23. Bf4 Rfd8 24. Rb7 Rc4 25. g3 h5 26. Kg2 b4 27. axb4 axb4
28. Rb6 Be5 29. Bxe5 dxe5 30. d6 Kf8 31. Bd1 Nxd1 32. Rxd1 Rxe4 33. Kf3 Rc4 34.
Rd5 Re8 35. d7 Rd8 36. Rb7 f6 37. Rd6 Ke7 38. Rbb6 b3 39. Rxf6 b2 40. Rxg6 Rf8+
41. Ke3 Rc3+ 42. Ke4 Kxd7 43. Rg7+ Kc8 44. Rxb2 Rcf3 45. Ra2 Kb8 46. Rb2+ Kc8
47. Rg5 Kd7 48. Rxe5 Ra3 49. Rd2+ Kc6 50. Rxh5 Ra4+ 51. Rd4 Re8+ 52. Re5 1-0

[Event "Mondiale Lampo FIDE 2022"]
[Site "Alma Ata"]
[Date "29.12.2022"]
[Round "6.28"]
[White "Tari, Aryan"]
[Black "Gareyev, Timur"]
[Result "1-0"]
[WhiteTitle ""]
[BlackTitle ""]
[WhiteElo "2659"]
[BlackElo "2602"]
[WhiteFideId "1510045"]
[BlackFideId "14200937"]
[EventDate "29.12.2022"]

1. e4 e5 2. Nf3 Nc6 3. d4 exd4 4. Nxd4 Qf6 5. Nxc6 dxc6 6. Qf3 Bb4+ 7. Nc3 Bg4
8. Qxf6 Nxf6 9. f3 Be6 10. Be3 O-O-O 11. a3 Bxc3+ 12. bxc3 b6 13. Be2 Nd7 14.
O-O-O Ne5 15. h4 f6 16. Bd4 Nc4 17. Bxc4 Bxc4 18. h5 c5 19. Be3 Rde8 20. Bf4 Re7
21. Rd2 Rhe8 22. Rhd1 g5 23. hxg6 hxg6 24. Rh1 g5 25. Bg3 Rf7 26. Rh6 Kb7 27.
Rd1 a5 28. Rdh1 Ree7 29. Rg6 f5 30. Re1 fxe4 31. fxe4 Rg7 32. Rh6 Rgf7 33. Rg6
Rg7 34. Rh6 Rgf7 35. e5 Rf1 36. Rxf1 Bxf1 37. Rg6 Bxg2 38. Rxg5 Bd5 39. Rg6 Rf7
40. Bh4 Rf1+ 41. Kb2 Rf5 1-0

[Event "Mondiale Lampo FIDE 2022"]
[Site "Alma Ata"]
[Date "29.12.2022"]
[Round "6.29"]
[White "Najer, Evgeniy"]
[Black "Harikrishna, Pentala"]
[Result "0-1"]
[WhiteTitle ""]
[BlackTitle ""]
[WhiteElo "2662"]
[BlackElo "2705"]
[WhiteFideId "4118987"]
[BlackFideId "5007003"]
[EventDate "29.12.2022"]

1. e4 c5 2. Nf3 e6 3. d4 cxd4 4. Nxd4 Nc6 5. Nc3 Qc7 6. Be3 a6 7. Qf3 b5 8.
O-O-O Bb7 9. Qg3 Qxg3 10. hxg3 Nxd4 11. Bxd4 Ne7 12. f3 h6 13. g4 Ng6 14. Kb1
Rc8 15. a4 b4 16. Na2 f6 17. Nc1 Ra8 18. Nb3 Bc6 19. a5 Be7 20. Bb6 Bd8 21. Bxd8
Kxd8 22. Rd4 Rb8 23. Nc5 Ke7 24. Nxa6 Ra8 25. Rxb4 Ra7 26. Rb6 Ne5 27. Be2 Rc8
28. Rd1 d6 29. Rd4 Nd7 30. Rb3 Nc5 31. Rb6 Nd7 32. Rb3 Nc5 33. Nxc5 dxc5 34. Rc4
Rxa5 35. Rcc3 Rd8 36. Ra3 Rxa3 37. bxa3 Rd2 38. Re3 Ba4 39. Bd3 Rxg2 40. e5 Rg3
41. exf6+ Kxf6 42. Re4 Bc6 43. Rc4 Bxf3 44. Rxc5 Rxg4 45. Bb5 h5 46. Rc3 Bd5 47.
Be2 Rg1+ 48. Kb2 h4 49. a4 g5 50. a5 g4 51. a6 h3 52. Bxg4 h2 53. Bf3 Bxf3 54.
Rxf3+ Ke7 55. a7 h1=Q 56. a8=Q Rb1+ 57. Kc3 Qe1+ 58. Kd3 Rd1+ 59. Kc4 Qe2+ 60.
Kc3 Qe5+ 61. Kc4 Rd4+ 62. Kb3 Qb5+ 63. Ka3 Qc5+ 64. Ka2 Qxc2+ 65. Ka3 Qc1+ 66.
Kb3 Qb1+ 67. Kc3 Qb4+ 0-1

[Event "Mondiale Lampo FIDE 2022"]
[Site "Alma Ata"]
[Date "29.12.2022"]
[Round "6.30"]
[White "Indjic, Aleksandar"]
[Black "Paravyan, David"]
[Result "1/2-1/2"]
[WhiteTitle ""]
[BlackTitle ""]
[WhiteElo "2636"]
[BlackElo "2586"]
[WhiteFideId "911925"]
[BlackFideId "4194985"]
[EventDate "29.12.2022"]

1. d4 Nf6 2. Nf3 g6 3. c4 Bg7 4. h3 O-O 5. Nc3 d5 6. cxd5 Nxd5 7. e4 Nxc3 8.
bxc3 c5 9. Be2 Nc6 10. Be3 cxd4 11. cxd4 Qa5+ 12. Bd2 Qa3 13. d5 Ne5 14. O-O
Nxf3+ 15. Bxf3 Bxh3 16. Rb1 Bd7 17. Bb4 Qxa2 18. Bxe7 Rfe8 19. d6 Bc6 20. e5
Bxf3 21. Qxf3 Qe6 22. Qxb7 Bxe5 23. Rfd1 Kg7 24. Re1 Rab8 25. d7 Qxe7 26.
dxe8=N+ Rxe8 27. Qxe7 Rxe7 28. g3 Bf6 29. Red1 h5 30. Rb4 a5 31. Rc4 Ra7 32. Ra4
Bc3 33. Rb1 Rd7 34. Ra2 Bb4 35. Kg2 Kf6 36. Rc1 Rd6 37. Rc7 Kg7 38. Ra7 Rf6 39.
Rc2 Rf5 40. f4 h4 41. Rc4 hxg3 42. Kxg3 Rf6 43. Kg4 Rf5 44. Kg3 Bd2 45. Kg4 Bb4
46. Kg3 Be1+ 47. Kg4 Bd2 48. Rd7 Bb4 49. Ra7 Rf6 50. Kg3 Rf5 51. Kg4 Rf6 52. Kg3
Rf5 53. Kg4 1/2-1/2

[Event "Mondiale Lampo FIDE 2022"]
[Site "Alma Ata"]
[Date "29.12.2022"]
[Round "6.31"]
[White "Predke, Alexandr"]
[Black "Pranav, V"]
[Result "0-1"]
[WhiteTitle ""]
[BlackTitle ""]
[WhiteElo "2684"]
[BlackElo "2545"]
[WhiteFideId "24107581"]
[BlackFideId "25060783"]
[EventDate "29.12.2022"]

1. Nf3 Nf6 2. c4 e6 3. g3 a6 4. Bg2 b5 5. b3 Bb7 6. O-O Be7 7. Nc3 bxc4 8. bxc4
O-O 9. Rb1 Ra7 10. Qc2 c5 11. e4 Nc6 12. d3 d6 13. h3 Nd7 14. Be3 Ba8 15. a3
Nde5 16. Nd2 Nd7 17. f4 Bf6 18. Ne2 e5 19. Nf3 Rb7 20. Rxb7 Bxb7 21. Rb1 Ba8 22.
f5 Nd4 23. Nexd4 cxd4 24. Bd2 Nc5 25. g4 h6 26. Bf1 Bc6 27. Qc1 Kh7 28. Qe1 g5
29. Kh2 Kg7 30. Qg3 Qa8 31. h4 Rh8 32. hxg5 hxg5+ 33. Kg1 Nxe4 34. dxe4 Bxe4 35.
Rb3 Bxf3 36. Rxf3 e4 37. Rb3 e3 38. Bg2 exd2 39. Qd3 Qe8 40. Qxd2 Qe5 41. Rb7
Qg3 42. Qe2 d3 43. Qe6 Bd4+ 0-1

[Event "Mondiale Lampo FIDE 2022"]
[Site "Alma Ata"]
[Date "29.12.2022"]
[Round "6.32"]
[White "Ivic, Velimir"]
[Black "Daneshvar, Bardiya"]
[Result "0-1"]
[WhiteTitle ""]
[BlackTitle ""]
[WhiteElo "2572"]
[BlackElo "2500"]
[WhiteFideId "950122"]
[BlackFideId "12576468"]
[EventDate "29.12.2022"]

1. e4 c6 2. d4 d5 3. Nd2 dxe4 4. Nxe4 Bf5 5. Ng3 Bg6 6. h4 h6 7. Nf3 Nd7 8. h5
Bh7 9. Bd3 Bxd3 10. Qxd3 e6 11. Bd2 Ngf6 12. O-O-O Be7 13. Ne4 Nxe4 14. Qxe4 Nf6
15. Qe2 Qd5 16. c4 Qe4 17. Qxe4 Nxe4 18. Be3 O-O 19. Ne5 Rad8 20. g4 Rfe8 21. f3
Nf6 22. Kc2 Nd7 23. f4 f6 24. Ng6 Kf7 25. g5 Nf8 26. Nxe7 Rxe7 27. Rhe1 Nd7 28.
a4 Nb6 29. b3 Nc8 30. g6+ Ke8 31. Bf2 Nd6 32. d5 exd5 33. Rxe7+ Kxe7 34. cxd5
cxd5 35. Rxd5 b6 36. a5 Ke6 37. Rd1 Rc8+ 38. Kd3 bxa5 39. Re1+ Kd7 40. Bxa7 Nb5
41. Bd4 Nxd4 42. Kxd4 Rb8 43. Kc4 Rb4+ 44. Kc5 Rxf4 45. Rh1 Ke6 46. Rh3 Rf5+ 47.
Kc6 Re5 48. Rh4 0-1

[Event "Mondiale Lampo FIDE 2022"]
[Site "Alma Ata"]
[Date "29.12.2022"]
[Round "6.33"]
[White "Narayanan, S.L."]
[Black "Muradli, Mahammad"]
[Result "0-1"]
[WhiteTitle ""]
[BlackTitle ""]
[WhiteElo "2669"]
[BlackElo "2540"]
[WhiteFideId "5058422"]
[BlackFideId "13409301"]
[EventDate "29.12.2022"]

1. e4 c5 2. c3 Nf6 3. e5 Nd5 4. Nf3 d6 5. Bb5+ Bd7 6. Bc4 e6 7. Bxd5 exd5 8. O-O
dxe5 9. Nxe5 Be6 10. d4 Nc6 11. Nxc6 bxc6 12. Be3 c4 13. b3 Be7 14. Nd2 Qa5 15.
Qc2 O-O 16. f4 f6 17. Rae1 Rfe8 18. f5 Bf7 19. bxc4 dxc4 20. Bf4 Bf8 21. h3 c5
22. dxc5 Qxc5+ 23. Kh1 Rxe1 24. Rxe1 Rd8 25. Nf3 Rd3 26. Nd4 Qd5 27. Kh2 Bc5 28.
Ne6 Qxf5 29. Qa4 Bxe6 30. Qe8+ Bf8 31. Qxe6+ Qxe6 32. Rxe6 Rxc3 33. Rc6 Rc2 34.
a4 a5 35. Be3 Bb4 36. Rc8+ Kf7 37. Rc7+ Kg6 38. Rc6 c3 0-1

[Event "Mondiale Lampo FIDE 2022"]
[Site "Alma Ata"]
[Date "29.12.2022"]
[Round "6.34"]
[White "Sargissian, Gabriel"]
[Black "Adly, Ahmed"]
[Result "1/2-1/2"]
[WhiteTitle ""]
[BlackTitle ""]
[WhiteElo "2699"]
[BlackElo "2596"]
[WhiteFideId "13300881"]
[BlackFideId "10601619"]
[EventDate "29.12.2022"]

1. d4 Nf6 2. Nf3 e6 3. c4 Bb4+ 4. Bd2 a5 5. g3 b6 6. Bg2 Bb7 7. O-O O-O 8. Bf4
d5 9. Ne5 Bd6 10. Nc3 Nbd7 11. Nxd7 Qxd7 12. cxd5 Nxd5 13. Nxd5 Bxd5 14. Bxd5
exd5 15. Bxd6 Qxd6 16. Rc1 Rac8 17. Qa4 c5 18. dxc5 Rxc5 19. Rxc5 Qxc5 20. Rd1
Qc4 21. Qxc4 dxc4 22. Rd6 Rb8 23. Kf1 Kf8 24. Rc6 b5 25. Rc7 Rd8 26. Ke1 Rd5 27.
a4 g6 28. h4 h5 29. e3 Kg7 30. Rc6 Kf8 31. Rc7 Kg7 32. Rc6 Kf8 33. Rc7 1/2-1/2

[Event "Mondiale Lampo FIDE 2022"]
[Site "Alma Ata"]
[Date "29.12.2022"]
[Round "6.35"]
[White "Shimanov, Aleksandr"]
[Black "Agmanov, Zhandos"]
[Result "1-0"]
[WhiteTitle ""]
[BlackTitle ""]
[WhiteElo "2581"]
[BlackElo "2442"]
[WhiteFideId "4198603"]
[BlackFideId "13708309"]
[EventDate "29.12.2022"]

1. e4 c6 2. d4 d5 3. Nc3 dxe4 4. Nge2 Bg4 5. Nxe4 Nf6 6. Nxf6+ exf6 7. Be3 Bb4+
8. c3 Bd6 9. Qd2 O-O 10. f3 Be6 11. Nf4 Bxf4 12. Bxf4 Re8 13. Kf2 Nd7 14. Bd3
Nb6 15. Rhe1 Qd7 16. Kg1 Bf5 17. Bf1 Bg6 18. Bg3 h6 19. a4 Qd5 20. b4 Qb3 21. a5
Nd5 22. Rec1 a6 23. Bf2 Rad8 24. Qa2 Qxa2 25. Rxa2 Ne3 26. Bxe3 Rxe3 27. Kf2 Re7
28. Re2 Rxe2+ 29. Bxe2 Kf8 30. Re1 Re8 31. Bc4 Rxe1 32. Kxe1 Bf5 33. Kf2 Ke7 34.
Ke3 Be6 35. Bd3 Kd6 36. c4 f5 37. f4 g6 38. Kd2 Kc7 39. Kc3 Kd6 40. Be2 Bd7 41.
Bf3 Kc7 42. d5 cxd5 43. Bxd5 Be8 44. Kd4 f6 45. g3 Bd7 46. Kc5 g5 47. b5 axb5
48. cxb5 Bc8 49. b6+ Kd7 50. a6 bxa6 51. b7 1-0

[Event "Mondiale Lampo FIDE 2022"]
[Site "Alma Ata"]
[Date "29.12.2022"]
[Round "6.36"]
[White "Tabatabaei, M. Amin"]
[Black "Sargsyan, Shant"]
[Result "0-1"]
[WhiteTitle ""]
[BlackTitle ""]
[WhiteElo "2660"]
[BlackElo "2645"]
[WhiteFideId "12521213"]
[BlackFideId "13306766"]
[EventDate "29.12.2022"]

1. d4 Nf6 2. c4 e6 3. Nc3 Bb4 4. e3 O-O 5. Bd3 d5 6. a3 Bxc3+ 7. bxc3 dxc4 8.
Bxc4 c5 9. Ne2 b6 10. O-O Qc7 11. Bd3 Ba6 12. f3 Bxd3 13. Qxd3 Rd8 14. e4 Nc6
15. Bg5 cxd4 16. cxd4 Nxd4 17. Nxd4 Qc5 18. Be3 e5 19. Rfd1 exd4 20. Bxd4 Qe7
21. Qe3 h6 22. a4 Nd7 23. a5 Nc5 24. Qa3 Rac8 25. Be3 Qe5 26. Rac1 Kh7 27. h3
Rxd1+ 28. Rxd1 Ne6 29. axb6 axb6 30. Rc1 Rxc1+ 31. Qxc1 b5 32. Qd2 g5 33. Qd7
Kg6 34. Qc8 b4 35. Qg8+ Qg7 36. Qxg7+ Kxg7 37. Kf1 b3 38. Bc1 Kg6 39. Ke2 Nf4+
40. Bxf4 b2 0-1

[Event "Mondiale Lampo FIDE 2022"]
[Site "Alma Ata"]
[Date "29.12.2022"]
[Round "6.39"]
[White "Vokhidov, Shamsiddin"]
[Black "Ansat, Aldiyar"]
[Result "0-1"]
[WhiteTitle ""]
[BlackTitle ""]
[WhiteElo "2579"]
[BlackElo "2291"]
[WhiteFideId "14204223"]
[BlackFideId "13715658"]
[EventDate "29.12.2022"]

1. e4 c5 2. Nf3 Nc6 3. Bb5 e6 4. Bxc6 bxc6 5. d3 Ne7 6. Nbd2 d6 7. e5 Ng6 8.
exd6 Bxd6 9. O-O O-O 10. b3 e5 11. Ba3 Be7 12. Re1 f6 13. Ne4 Qa5 14. Bb2 Nf4
15. Nfd2 Ne6 16. Nc4 Qc7 17. Qd2 Rd8 18. Qa5 Qb7 19. Ba3 Qb5 20. Nc3 Qxa5 21.
Nxa5 Nd4 22. Rac1 f5 23. Ne2 Bg5 24. f4 exf4 25. Nxd4 cxd4 26. Nxc6 Rd5 27. Re8+
Kf7 28. Rce1 f3 29. Rf8+ Kg6 30. Ne7+ Bxe7 31. Rxe7 fxg2 32. Rg8 Ra5 33. Rgxg7+
Kf6 34. Bb2 Rd5 35. Rgf7+ Kg6 36. Rf8 Bb7 37. Rxa8 Bxa8 38. Rxa7 Bc6 39. Ra6 Rd6
40. Bxd4 Re6 41. Kf2 f4 42. c4 f3 43. Rxc6 Rxc6 44. Kxf3 Rd6 45. Bf2 Rxd3+ 46.
Kxg2 Rd2 47. b4 Rxa2 48. b5 Rc2 49. c5 Kf5 50. b6 Ke6 51. Kf3 Kd5 52. h4 Rc4 53.
b7 Rb4 54. Be3 Rxb7 55. Kg4 Re7 56. Bg5 Rf7 57. Be3 Ke4 58. Bg5 Rc7 59. Kh5 Rxc5
60. Kh6 Rc7 61. Bf6 Rc6 62. Kg7 h5 63. Bg5 Kf5 64. Bd8 Rd6 65. Bg5 Rg6+ 0-1

[Event "Mondiale Lampo FIDE 2022"]
[Site "Alma Ata"]
[Date "29.12.2022"]
[Round "6.40"]
[White "Yoo, Christopher Woojin"]
[Black "Svane, Rasmus"]
[Result "1-0"]
[WhiteTitle ""]
[BlackTitle ""]
[WhiteElo "2575"]
[BlackElo "2622"]
[WhiteFideId "30909694"]
[BlackFideId "4657101"]
[EventDate "29.12.2022"]

1. e4 c6 2. d3 d5 3. Nd2 e5 4. Ngf3 Bd6 5. g3 Nf6 6. Bg2 O-O 7. O-O Re8 8. Re1
Nbd7 9. c3 a5 10. Qc2 b6 11. d4 exd4 12. cxd4 dxe4 13. Qxc6 exf3 14. Nxf3 Rxe1+
15. Nxe1 Qe7 16. Bf4 Bxf4 17. Qxa8 Bb8 18. Rc1 Qd8 19. Bb7 Bxb7 20. Qxb7 Qe7 21.
Rc8+ Ne8 22. Nc2 Kf8 23. Ne3 Bd6 24. Nf5 Qe6 25. Rxe8+ Qxe8 26. Nxd6 Qe6 27.
Qa8+ Ke7 28. Nc8+ Kf6 29. Qf3+ Qf5 30. Qc6+ Kg5 31. Nd6 Qe6 32. h4+ Kg6 33. d5
Qe1+ 34. Kg2 Ne5 35. Qc2+ Kf6 36. Qf5+ Ke7 37. Nc8+ Kd8 38. Nxb6 Kc7 39. Na4 g6
40. Qf4 Kd6 41. Nc3 f5 42. Qd4 Kd7 43. Qa7+ Kd6 44. Qb6+ Kd7 45. Qe6+ Kc7 46.
d6+ Kc6 47. d7+ Kc7 48. Nd5+ Kb7 49. Qb6+ 1-0

[Event "Mondiale Lampo FIDE 2022"]
[Site "Alma Ata"]
[Date "29.12.2022"]
[Round "6.41"]
[White "Grischuk, Alexander"]
[Black "Yilmaz, Mustafa"]
[Result "1-0"]
[WhiteTitle ""]
[BlackTitle ""]
[WhiteElo "2745"]
[BlackElo "2617"]
[WhiteFideId "4126025"]
[BlackFideId "6302718"]
[EventDate "29.12.2022"]

1. Nf3 d5 2. g3 c5 3. Bg2 Nf6 4. O-O Nc6 5. d3 e5 6. e4 d4 7. a4 Bd6 8. Na3 O-O
9. Ng5 Rb8 10. f4 a6 11. f5 b5 12. g4 h6 13. Nh3 Nh7 14. Kh1 Be7 15. Bd2 Bh4 16.
Ng1 Bg5 17. Nf3 Bxd2 18. Qxd2 Ng5 19. Ng1 Bd7 20. h4 Nh7 21. Nf3 f6 22. Rg1 Kf7
23. Bh3 Rh8 24. axb5 axb5 25. c4 b4 26. Nb5 Ra8 27. Kh2 Ke7 28. Rxa8 Qxa8 29. g5
hxg5 30. hxg5 Nf8 31. gxf6+ gxf6 32. Qg2 Rh7 33. Qg8 Rf7 34. Nc7 Qa2 35. Nd5+
Ke8 36. Rg2 Ne7 37. Nc7+ Kd8 38. Qxf7 1-0

[Event "Mondiale Lampo FIDE 2022"]
[Site "Alma Ata"]
[Date "29.12.2022"]
[Round "6.42"]
[White "Vallejo Pons, Francisco"]
[Black "Yakubboev, Nodirbek"]
[Result "1-0"]
[WhiteTitle ""]
[BlackTitle ""]
[WhiteElo "2716"]
[BlackElo "2647"]
[WhiteFideId "2205530"]
[BlackFideId "14203987"]
[EventDate "29.12.2022"]

1. e4 e5 2. Nf3 Nc6 3. Nc3 g6 4. d4 exd4 5. Nxd4 Bg7 6. Be3 Nge7 7. Qd2 O-O 8.
O-O-O d6 9. h4 h5 10. f3 Nxd4 11. Bxd4 Bxd4 12. Qxd4 Nc6 13. Qd2 Ne5 14. Be2 Be6
15. g4 hxg4 16. f4 Nc4 17. Bxc4 Bxc4 18. Qd4 b5 19. h5 c5 20. Qg1 Qf6 21. Qxg4
b4 22. Nd5 Bxd5 23. Rxd5 Rae8 24. Rg5 Rxe4 25. hxg6 Qxf4+ 26. Qxf4 Rxf4 27. g7 1-0

[Event "Mondiale Lampo FIDE 2022"]
[Site "Alma Ata"]
[Date "29.12.2022"]
[Round "6.43"]
[White "Saraci, Nderim"]
[Black "Asadli, Vugar"]
[Result "0-1"]
[WhiteTitle ""]
[BlackTitle ""]
[WhiteElo "2468"]
[BlackElo "2567"]
[WhiteFideId "6351921"]
[BlackFideId "13405764"]
[EventDate "29.12.2022"]

1. b3 Nf6 2. Nf3 g6 3. Bb2 Bg7 4. d4 O-O 5. e3 c5 6. dxc5 Qa5+ 7. c3 Qxc5 8. Ba3
Qb6 9. Bxe7 Re8 10. Bxf6 Bxf6 11. Be2 Nc6 12. O-O d5 13. Qxd5 Bf5 14. Qb5 Qc7
15. Nd4 Nxd4 16. cxd4 Qc2 17. Na3 Qb2 18. Bc4 Qxa3 19. Qxb7 Be7 20. h3 Rab8 21.
Qf3 Bd6 22. Rac1 Re7 23. Rfe1 Be4 24. Qf6 Bb4 25. Red1 Rb6 26. Qf4 Kg7 27. f3
Rf6 28. Qh4 Bxf3 29. gxf3 Rxe3 30. Rc2 Qa5 31. Rf1 Bd6 32. f4 Qf5 33. Rh2 Qe4
34. Rhf2 Qxd4 35. Kg2 Qe4+ 36. Kh2 h6 37. Qg4 g5 38. Rf3 Rxf4 39. Rxf4 Bxf4+ 0-1

[Event "Mondiale Lampo FIDE 2022"]
[Site "Alma Ata"]
[Date "29.12.2022"]
[Round "6.44"]
[White "Esipenko, Andrey"]
[Black "Bologan, Victor"]
[Result "1-0"]
[WhiteTitle ""]
[BlackTitle ""]
[WhiteElo "2678"]
[BlackElo "2574"]
[WhiteFideId "24175439"]
[BlackFideId "13900048"]
[EventDate "29.12.2022"]

1. e4 g6 2. d4 Bg7 3. Nf3 d6 4. Be3 Nf6 5. Nc3 Ng4 6. Bg5 h6 7. Bh4 c6 8. Qd2 b5
9. Bd3 Nf6 10. e5 b4 11. Ne4 dxe5 12. Nxe5 Nxe4 13. Bxe4 Bxe5 14. dxe5 Qxd2+ 15.
Kxd2 Bf5 16. Rhe1 Bxe4 17. Rxe4 c5 18. a3 Nc6 19. axb4 cxb4 20. e6 f5 21. Rc4
O-O-O+ 22. Ke3 Kb7 23. c3 Rd6 24. f3 Rxe6+ 25. Kf2 Rd8 26. cxb4 Rd2+ 27. Kf1
Rxb2 28. Rd1 Rxb4 29. Rxb4+ Nxb4 30. Rd7+ Kb6 31. Bf2+ Kb5 32. Bxa7 Nc6 33. Bf2
g5 34. Rd5+ Ka6 35. Rxf5 Kb7 36. h4 gxh4 37. Bxh4 Kc7 38. Be1 Rf6 39. Rh5 Nd4
40. Bc3 Rd6 1-0

[Event "Mondiale Lampo FIDE 2022"]
[Site "Alma Ata"]
[Date "29.12.2022"]
[Round "6.46"]
[White "Idani, Pouya"]
[Black "Ponkratov, Pavel"]
[Result "0-1"]
[WhiteTitle ""]
[BlackTitle ""]
[WhiteElo "2637"]
[BlackElo "2577"]
[WhiteFideId "12510130"]
[BlackFideId "4157800"]
[EventDate "29.12.2022"]

1. e4 e6 2. d4 d5 3. e5 c5 4. c3 Nc6 5. Nf3 Bd7 6. Be2 f6 7. O-O fxe5 8. Nxe5
Nxe5 9. dxe5 Qc7 10. Re1 O-O-O 11. Bf1 Nh6 12. Bg5 Re8 13. Bxh6 gxh6 14. Nd2 Rg8
15. g3 Bc6 16. Bg2 Kb8 17. c4 Rd8 18. cxd5 Bxd5 19. Qe2 h5 20. Bxd5 Rxd5 21. Nf3
Be7 22. Rad1 Rxd1 23. Rxd1 h4 24. Qe4 hxg3 25. hxg3 Rf8 26. Kg2 Rf7 27. Rh1 Bd8
28. Rh6 Qd7 29. b3 a6 30. a4 Ka7 31. Rh1 Qc7 32. Rc1 Qb6 33. Rc3 Be7 34. Rd3 Qc7
35. Qg4 Qc6 36. Qh5 Rg7 37. Qh6 Rf7 38. Qh5 Rg7 39. Re3 c4 40. Rc3 Qb6 41. bxc4
Bc5 42. Qh6 Rf7 43. Rc2 Qc6 44. Qh5 Rf5 45. Qg4 h5 0-1

[Event "Mondiale Lampo FIDE 2022"]
[Site "Alma Ata"]
[Date "29.12.2022"]
[Round "6.47"]
[White "Burmakin, Vladimir"]
[Black "Tsydypov, Zhamsaran"]
[Result "0-1"]
[WhiteTitle ""]
[BlackTitle ""]
[WhiteElo "2498"]
[BlackElo "2534"]
[WhiteFideId "4105109"]
[BlackFideId "4108566"]
[EventDate "29.12.2022"]

1. Nf3 g6 2. g3 Bg7 3. d4 d6 4. Bg2 e6 5. O-O Ne7 6. e4 O-O 7. c3 b6 8. Re1 Bb7
9. Bg5 Nd7 10. Qc1 Re8 11. Bh6 Bh8 12. Nbd2 c5 13. Nf1 cxd4 14. Nxd4 a6 15. Qd2
Nc5 16. Rad1 Qc7 17. h4 Rad8 18. Qe2 b5 19. Nh2 e5 20. Nc2 Bg7 21. Bxg7 Kxg7 22.
h5 f5 23. hxg6 hxg6 24. exf5 gxf5 25. Qh5 Rh8 26. Qg5+ Kf7 27. Bxb7 Qxb7 28. Qd2
Rxh2 0-1